Statistics for 中国大陆麦当劳早餐常规主食、小食单品China Mainland McDonald's Breakfast

Click here to take the quiz!

General Stats

  • This quiz has been taken 2 times
  • The average score is 3 of 21

Answer Stats

答案% Correct
猪柳蛋麦满分
100%
双层猪柳蛋麦满分
50%
吉士炒双蛋堡
50%
脆薯饼
50%
吉士蛋麦满分
50%
德式图林根香肠
0%
玉米杯
0%
雪菜脆笋鸡肉粥
0%
皮蛋鸡肉粥
0%
图林根香肠早安营养卷
0%
火腿扒早安营养卷
0%
猪柳炒双蛋堡
0%
德式图林根风味香肠炒双蛋堡
0%
双层原味板烧鸡腿麦满分
0%
原味板烧鸡腿炒双蛋堡
0%
火腿扒麦满分
0%
大脆鸡扒麦满分
0%
猪柳麦满分
0%
原味板烧鸡腿麦满分
0%
双层火腿扒麦满分
0%
脆香油条
0%

Score Distribution

Percentile by Number Answered

Percent of People with Each Score

Your Score History

You have not taken this quiz